书目信息 |
| 题名: |
不定点定理
|
|
| 作者: | 张殿宙 著 | |
| 分册: | ||
| 出版信息: | 辽宁 辽宁教育出版社 1995 |
|
| 页数: | 210页 | |
| 开本: | 20cm | |
| 丛书名: | 世界数学名题欣赏丛书 | |
| 单 册: | ||
| 中图分类: | O189.2 | |
| 科图分类: | ||
| 主题词: | 几何 , 拓扑 | |
| 电子资源: | ||
| ISBN: | 7-5382-0433-4 | |
| 000 | 00606nam0 2200217 450 | |
| 001 | 0732828906 | |
| 005 | 20070903090708.90 | |
| 010 | @a7-5382-0433-4@d¥8.00 | |
| 100 | @a20070903d km y0chiy0120 ea | |
| 101 | 0 | @achi |
| 200 | 1 | @a不定点定理@Abu ding dian ding li@f张殿宙著@Fzhang dian zhou zhu |
| 210 | @a辽宁@c辽宁教育出版社@d1995 | |
| 215 | @a210页@d20cm | |
| 225 | 2 | @a世界数学名题欣赏丛书 |
| 410 | 0 | @12001 @a世界数学名题欣赏丛书 |
| 606 | 0 | @a几何 |
| 606 | 0 | @a拓扑 |
| 690 | @aO189.2@v3 | |
| 701 | 0 | @a张殿宙@Azhang dian zhou@4著 |
| 801 | 0 | @aCN@bPFT@c20070903 |
| 905 | @a213230@dO189.2@eS4@f1 | |
| 不定点定理/张殿宙著.-辽宁:辽宁教育出版社,1995 |
| 210页;20cm.-(世界数学名题欣赏丛书) |
| ISBN 7-5382-0433-4:¥8.00 |
| ● |
| 相关链接 |
|
|
|
|
正题名:不定点定理
索取号:O189.2/S4
 
预约/预借
| 序号 | 登录号 | 条形码 | 馆藏地/架位号 | 状态 | 备注 |
| 1 | 6702647 | 267026470 | 密集书库-数信学院/ [索取号:O189.2/S4] | 在馆 |